Statistics for Guess the SCP Quiz #3

Click here to take the quiz!

General Stats

  • This quiz has been taken 173 times
  • The average score is 4 of 10

Answer Stats

Description of the SCPDesignation% Correct
Cute, Yellow jelly creature that eats sweets999
97%
A Drama mask that spills out a black, corrosive substance035
80%
They kill you with the use of the voice of their last victim.939
70%
An abnormally large sea serpent that lets out a form of amnestic chemical.3000
54%
Known by the SCP staff as "Josie"529
25%
A tiger that takes the appearance of a cat247
11%
A Domestic Cat with Telepathic abilities.795
8%
The "last Human" in the solar system.2399
6%
A peculiar feline with the unwanted ability to kill the person it bonds with.607
2%
A calico cat in the form of a female human (Cat-girl).5319
1%

Score Distribution

Percentile by Number Answered

Percent of People with Each Score

Your Score History

You have not taken this quiz